000 00532nam a2200193Ia 4500
005 20250326144457.0
008 250326s9999 xx 000 0 und d
037 _aTextbook
040 _aFMSL
_beng
_cFMSL
041 _aeng
_2eng
084 _aX:72 P9
_qFMSL
100 _aGHATAK
245 0 _aDevelopment macroeconomics : essays in memory of Anita Ghatak
_cGHATAK
260 _aLondon
_bLondon, Routledge
_c2009
365 _b5965.5
650 _aManagement
942 _cTB
_hX:72 P9
999 _c1303845
_d1303845